Early north Bengal: from pundravardhana to Varendra c.400 BCE-1150 CE (Record no. 1229137)

MARC details
000 -LEADER
fixed length control field 00626nam a2200217Ia 4500
005 - DATE AND TIME OF LATEST TRANSACTION
control field 20241129111139.0
008 - FIXED-LENGTH DATA ELEMENTS--GENERAL INFORMATION
fixed length control field 241129s9999||||xx |||||||||||||| ||und||
020 ## - INTERNATIONAL STANDARD BOOK NUMBER
International Standard Book Number 978-93-5687-765-8
037 ## - SOURCE OF ACQUISITION
Stock number TB
040 ## - CATALOGING SOURCE
Original cataloging agency CRL
Language of cataloging eng
Transcribing agency CRL
041 ## - LANGUAGE CODE
Language code of text/sound track or separate title eng
Source of code eng
084 ## - COLON CLASSIFICATION NUMBER
Classification number V275.B R3
Assigning agency CRL
100 ## - MAIN ENTRY--PERSONAL NAME
Personal name Ghosh Ranjusri Au.
9 (RLIN) 723473
245 #0 - TITLE STATEMENT
Title Early north Bengal: from pundravardhana to Varendra c.400 BCE-1150 CE
Statement of responsibility, etc. Ghosh Ranjusri Au.
260 ## - PUBLICATION, DISTRIBUTION, ETC.
Place of publication, distribution, etc. Delhi, India
Name of publisher, distributor, etc. Primus Books
Date of publication, distribution, etc. 2023
300 ## - PHYSICAL DESCRIPTION
Extent xx,454p.
365 ## - TRADE PRICE
Price type code INR
Price amount 3150
650 ## - SUBJECT ADDED ENTRY--TOPICAL TERM
Topical term or geographic name entry element History
942 ## - ADDED ENTRY ELEMENTS (KOHA)
Koha item type Textbook
Classification part V275.B R3
Holdings
Withdrawn status Lost status Damaged status Not for loan Home library Current library Date acquired Source of acquisition Cost, normal purchase price Inventory number Total Checkouts Full call number Barcode Date last seen Price effective from Koha item type
        Central Library Central Library 2024-11-29 Excel Book International 3150.00 47 & 30/11/2023   V275.B R3 CL1679937 2024-11-29 2024-11-29 Textbook
Copyright @ Delhi University Library System